<?xml version="1.0" encoding="UTF-8"?>
<marc:record xmlns:marc="http://www.loc.gov/MARC21/slim">
   <marc:leader>00000nam a2200000 a 4500</marc:leader>
   <marc:datafield ind1="1" ind2=" " tag="100">
      <marc:subfield code="a">Trojanow, Ilija</marc:subfield>
      <marc:subfield code="4">aut</marc:subfield>
      <marc:subfield code="e">Verfasser/-in</marc:subfield>
   </marc:datafield>
   <marc:datafield ind1="0" ind2="0" tag="245">
      <marc:subfield code="a">Tausend und ein Morgen</marc:subfield>
   </marc:datafield>
   <marc:datafield ind1="0" ind2="0" tag="245">
      <marc:subfield code="b">Roman</marc:subfield>
   </marc:datafield>
   <marc:datafield ind1="0" ind2="0" tag="245">
      <marc:subfield code="c">Ilija Trojanow</marc:subfield>
   </marc:datafield>
   <marc:datafield ind1=" " ind2="1" tag="264">
      <marc:subfield code="a">Frankfurt am Main</marc:subfield>
      <marc:subfield code="b">S. Fischer</marc:subfield>
   </marc:datafield>
   <marc:datafield ind1="1" ind2=" " tag="520">
      <marc:subfield code="a">Unter Piraten in der Karibik, mitten in der Russischen Revolution  Zeitreisen sind voller Überraschungen. Fest entschlossen betritt Cya die fremden Welten, sie reist von Zeit zu Ort und will die Vergangenheit von ihren Fesseln befreien, inspiriert von der friedlichen und selbstbestimmten Gesellschaft, in der sie in der Zukunft lebt.&lt;br/&gt;Ilija Trojanow entwirft ein leidenschaftliches Porträt seiner mutigen Heldin. Wie kein anderer Autor verbindet er erzählerische Virtuosität und kritisches Denken zu einem modernen Epos, das alle Grenzen überwindet, Raum und Zeit ausleuchtet und einen frischen Blick in die Zukunft wagt. Mit sinnlichen Bildern und überbordenden Geschichten erfindet Ilija Trojanow den utopischen Roman neu  ein Roman, der von der unerschöpflichen Kraft unseres Denkens erzählt.</marc:subfield>
   </marc:datafield>
   <marc:datafield ind1=" " ind2=" " tag="020">
      <marc:subfield code="a">9783103973396</marc:subfield>
      <marc:subfield code="9">9783103973396</marc:subfield>
   </marc:datafield>
   <marc:datafield ind1=" " ind2=" " tag="041">
      <marc:subfield code="a">ger</marc:subfield>
   </marc:datafield>
   <marc:datafield ind1="1" ind2=" " tag="521">
      <marc:subfield code="a">12</marc:subfield>
   </marc:datafield>
   <marc:datafield ind1=" " ind2=" " tag="300">
      <marc:subfield code="a">523 Seiten</marc:subfield>
   </marc:datafield>
</marc:record>
